000 00914nam a2200265 a 4500
001 802
003 BR-CuiBMT
005 20231129161053.0
008 231117s2010 spb 000 0 por d
020 _a9788536114880
040 _aBR-CuiBMT
_cBR-CuiBMT
080 _a349.2:331.4
_22007
090 _a349.2:331.4
_bM528d
100 1 0 _aMelo, Raimundo Simão de
245 0 0 _aDireito ambiental do trabalho e a saúde do trabalhador :
_bresponsabilidades legais, dano material, dano moral, dano estético, indenização pela perda de uma chance, prescrição /
_cRaimundo Simão de Melo.
250 _a4. ed.
260 _aSão Paulo :
_bLTr,
_c2010.
300 _a559 p. ;
_c24 cm
504 _ainclui bibliografia.
650 _a Ambiente de trabalho
_zBrasil
650 _a Higiene do trabalho
_zBrasil
650 _aResponsabilidade (Direito)
_zBrasil
650 _aDanos (Direito)
_zBrasil
942 _2udc
_cLV
999 _c802
_d802